Juana la Loca / (Record no. 120946)

MARC details
000 -LEADER
campo de control de longitud fija 00607nam a2200205 i 4500
001 - NÚMERO DE CONTROL
campo de control 120946
003 - IDENTIFICADOR DE NÚMERO DE CONTROL
campo de control ES-MaACL
005 - FECHA Y HORA DE LA ÚLTIMA TRANSACCIÓN
campo de control 20250821091801.0
007 - CAMPO FIJO DE DESCRIPCIÓN FÍSICA--INFORMACIÓN GENERAL
campo de control de longitud fija t|
008 - DATOS DE LONGITUD FIJA--INFORMACIÓN GENERAL
campo de control de longitud fija 070214s1970 sp r ||||1| spa d
100 1# - ENTRADA PRINCIPAL--NOMBRE DE PERSONA
Nombre de persona Prawdin, Michael.
9 (RLIN) 93724
245 10 - MENCIÓN DEL TÍTULO
Título Juana la Loca /
Mención de responsabilidad, etc. Michael Prawdin ; [traducción de Eduardo Valenti].
250 ## - MENCION DE EDICION
Mención de edición 1ª ed.
260 ## - PUBLICACIÓN, DISTRIBUCIÓN, ETC.
Lugar de publicación, distribución, etc. Barcelona :
Nombre del editor, distribuidor, etc. Juventud,
Fecha de publicación, distribución, etc. 1970.
300 ## - DESCRIPCIÓN FÍSICA
Extensión 240 p. ;
Dimensiones 18 cm.
600 04 - PUNTO DE ACCESO ADICIONAL DE MATERIA--NOMBRE DE PERSONA
Nombre de persona Juana
Numeración I,
Títulos y otros términos asociados al nombre Reina de Castilla
9 (RLIN) 67140
700 1# - ENTRADA AGREGADA--NOMBRE PERSONAL
Nombre de persona Valenti, Eduardo.
9 (RLIN) 112594
852 ## - LOCALIZACIÓN
Ubicación ES-MaACL
Número de control de estantería C-40755
Sublocalización o colección R.75160
Holdings
Estatus retirado Estado de pérdida Estado de daño No para préstamo Biblioteca de origen Biblioteca actual Ubicación en estantería Fecha de adquisición Fuente de adquisición Total de préstamos Signatura topográfica completa Código de barras Visto por última vez Precio de reemplazo Tipo de ítem Koha
        Biblioteca del Ateneo de Madrid Biblioteca del Ateneo de Madrid Depósito 2 17/01/2008     C-40755 1126056 23/02/2023 23/02/2023 Libro impreso